Business finance :theory and practice / (Record no. 3703)

000 -LEADER
fixed length control field 01082cam a2200313 i 4500
001 - CONTROL NUMBER
control field 18078867
003 - CONTROL NUMBER IDENTIFIER
control field OSt
005 - DATE AND TIME OF LATEST TRANSACTION
control field 20161102105829.0
008 - FIXED-LENGTH DATA ELEMENTS--GENERAL INFORMATION
fixed length control field 140324s2014 enk b 001 0 eng
010 ## - LIBRARY OF CONGRESS CONTROL NUMBER
LC control number 2014009909
020 ## - INTERNATIONAL STANDARD BOOK NUMBER
International Standard Book Number 9780273702627
040 ## - CATALOGING SOURCE
Original cataloging agency DLC
Language of cataloging eng
Transcribing agency DLC
Description conventions rda
Modifying agency DLC
042 ## - AUTHENTICATION CODE
Authentication code pcc
050 00 - LIBRARY OF CONGRESS CALL NUMBER
Classification number HG4026.M35 2006
082 00 - DEWEY DECIMAL CLASSIFICATION NUMBER
Classification number 658.15
Edition number 23
100 1# - MAIN ENTRY--PERSONAL NAME
Personal name McLaney, Eddie
245 10 - TITLE STATEMENT
Title Business finance :theory and practice /
Statement of responsibility, etc Eddie McLaney.
250 ## - EDITION STATEMENT
Edition statement 7th edition.
260 ## - PUBLICATION, DISTRIBUTION, ETC. (IMPRINT)
Place of publication, distribution, etc Harlow
Name of publisher, distributor, etc Financial Times/Prentice Hall
Date of publication, distribution, etc 2006
300 ## - PHYSICAL DESCRIPTION
Extent xvii, 518 pages ;
Dimensions 27 cm
504 ## - BIBLIOGRAPHY, ETC. NOTE
Bibliography, etc Includes bibliographical references and index.
650 #0 - SUBJECT ADDED ENTRY--TOPICAL TERM
Topical term or geographic name as entry element Business enterprises
General subdivision Finance.
650 #0 - SUBJECT ADDED ENTRY--TOPICAL TERM
Topical term or geographic name as entry element Business enterprises
General subdivision Finance
Form subdivision Problems, exercises, etc.
650 #0 - SUBJECT ADDED ENTRY--TOPICAL TERM
Topical term or geographic name as entry element Corporations
General subdivision Finance.
650 #0 - SUBJECT ADDED ENTRY--TOPICAL TERM
Topical term or geographic name as entry element Corporations
General subdivision Finance
Form subdivision Problems, exercises, etc.
906 ## - LOCAL DATA ELEMENT F, LDF (RLIN)
a 7
b cbc
c orignew
d 1
e ecip
f 20
g y-gencatlg
942 ## - ADDED ENTRY ELEMENTS (KOHA)
Source of classification or shelving scheme
Koha item type Book
Holdings
Withdrawn status Lost status Source of classification or shelving scheme Damaged status Not for loan Home library Current library Shelving location Date acquired Total Checkouts Full call number Barcode Date last seen Copy number Price effective from Koha item type
          Riara University Library Riara University Library General stack 02/11/2016   HG4026.M35 2006 6334/15 02/11/2016 C.1 02/11/2016 Book

Riara University Library,
P.O. Box 49940-00100,
Nairobi, Kenya.